| 000 | 00861nam a2200217Ia 4500 | ||
|---|---|---|---|
| 008 | 0000002007 usa 0000000000eng00 | ||
| 020 | _a9788488557043 | ||
| 090 | _aPSP00 G25j | ||
| 100 | 1 |
_aGenovés, Juan _d1930 |
|
| 245 | 1 | 0 |
_aJuan Genovés _b: recent paintings = pinturas recientes _c/ photograph Leonardo Villela |
| 300 |
_a31 p. _c/ 30 cm. |
||
| 500 | _aExposición realizada en Marlborough, New York, Febrero 6 Marzo 3, 2007 \ Texto bilingue: español e inglés \ Con el patronazgo del maestro venezolano Jesús Rafael Soto (q.e.p.d.) | ||
| 600 | 0 | 0 |
_aGENOVES, JUAN, 1930/ _xTRABAJOS PICTORICOS |
| 650 | 1 | 4 | _aARTE CONTEMPORANEO ESPAÑOL |
| 650 | 1 | 4 | _xCATALOGOS |
| 650 | 1 | 4 | _xEXPOSICIONES |
| 650 | 1 | 4 | _aPINTORES ESPAÑOLES |
| 650 | 1 | 4 | _aPINTURA ESPAÑOLA |
| 700 | 1 | _aVillela, Leonardo | |
| 999 |
_c5778 _d5778 |
||
| 260 |
_aNew York : Marlborough _c2007 |
||